Statistics for Florida State Seminoles Football

Click here to take the quiz!

General Stats

  • This quiz has been taken 144 times
    (115 since last reset)
  • The average score is 12 of 30

Answer Stats

HintAnswer% Correct
Who coached FSU from 1976-2009?Bobby Bowden
96%
Which QB won FSU's third Heisman Trophy?Jameis Winston
93%
In what stadium does FSU play its home games?Doak Campbell
84%
Which QB won FSU's first Heisman Trophy?Charlie Ward
82%
How long was FSU's famous streak of consecutive top 5 finishes?14 years
79%
How many ACC Championships has FSU won?15
76%
Who was FSU's opponent in "The Choke at Doke?"Florida
76%
Which QB won FSU's second Heisman Trophy?Chris Weinke
72%
In what years did FSU win national championships?1993, 1999, 2013
66%
Which former FSU player also played baseball for the Atlanta Braves and New York Yankees?Deion Sanders
63%
Which current FSU coach(es) also played for FSU?Odell Haggins
55%
Who is FSU's current head coach?Willie Taggart
34%
Who caught the go ahead TD pass in FSU's most recent National Championship game?Kelvin Benjamin
33%
Which FSU QB won a Super Bowl with Tampa Bay in 2003?Brad Johnson
32%
Which former FSU player is also known as "The Bandit?"Burt Reynolds
32%
Which FSU player ran the famous "Puntrooskie" against Clemson in 1988?LeRoy Butler
26%
When a Seminole player makes a good play, what sticker is placed on his helmet?Tomahawk
26%
Who was the MVP of FSU's second National Championship game?Peter Warrick
22%
Which FSU player was also a Rhodes Scholar and attended Grad School at Oxford?Myron Rolle
21%
Which former FSU player has a major college football award named after him?Fred Biletnikoff
18%
Name FSU's two mascotsOsceola, Renegade
18%
Which former FSU player is also known as "The Sunshine Scooter?"Lee Corso
14%
In 2016, FSU beat Miami in the "Block at the Rock." Who blocked the extra point?Demarcus Walker
13%
Where does FSU bury clippings of grass from designated away games?Sod Cemetery
13%
Which former FSU player is from Germany and nicknamed, "Von Stryker?"Bjoern Werner
12%
FSU played in the first 3 BCS National Championships against which 3 teams?Tennessee, Virginia Tech, Oklahoma
11%
In 2003, FSU beat Florida on a hail mary pass for a TD. Who threw it and who caught it?Chris Rix, P.K. Sam
8%
Who kicked the game winning field goal in FSU's first National Championship game?Scott Bentley
8%
Which podcast is the best, most honest, and most informative for all things FSU?Nolecast
4%
Which ACC team(s) have never beaten FSU in ACC play?Duke, Syracuse, Pittsburgh
1%

Score Distribution

Percentile by Number Answered

Percent of People with Each Score

Your Score History

You have not taken this quiz since the last reset